[Event "II Festival"]
[Site "Siracusa ITA"]
[Date "2007.09.06"]
[Round "6"]
[White "Fernandez, Gianluca"]
[Black "Cultrera, Salvatore"]
[Result "0-1"]
[WhiteElo "1502"]
[BlackElo "1681"]
[PlyCount "44"]
[EventDate "2007.09.02"]

1. d4 d5 2. Nf3 Nf6 3. Bf4 Bg4 4. e3 e6 5. Be2 Nbd7 6. h3 Bh5 7. Nbd2 c5 8. c4
cxd4 9. Nxd4 Bxe2 10. Nxe2 Bb4 11. cxd5 Nxd5 12. a3 Nxf4 13. Nxf4 Bd6 14. Ne2
Rc8 15. O-O O-O 16. Rc1 Bc7 17. Qa4 a6 18. Rfd1 Nb6 19. Qb3 Qe7 20. a4 Rfd8 21.
a5 Nd5 22. Qxb7 Bh2+ 0-1

[Event "II Festival"]
[Site "Siracusa ITA"]
[Date "2007.09.06"]
[Round "6"]
[White "Ferrigno, Vincenzo"]
[Black "Minniti, Cristiano"]
[Result "1-0"]
[WhiteElo "1754"]
[BlackElo "1548"]
[PlyCount "99"]
[EventDate "2007.09.02"]

1. e4 d5 2. e5 c5 3. c3 Bf5 4. Bb5+ Nc6 5. Nf3 e6 6. Qa4 Nge7 7. d4 a6 8. Bxc6+
Nxc6 9. O-O Be7 10. dxc5 Bxc5 11. Nd4 Qb6 12. Nxc6 bxc6 13. b4 Be7 14. Be3 Qb5
15. Qb3 O-O 16. Nd2 Rab8 17. Nf3 c5 18. a3 a5 19. a4 Qb7 20. b5 Qc7 21. Rfe1
Rfd8 22. Rac1 Rd7 23. Bd2 Qd8 24. h3 d4 25. cxd4 cxd4 26. g4 Bg6 27. Rc6 Ra7
28. Qc4 d3 29. Rc1 Raa8 30. Ne1 h6 31. Ng2 Bg5 32. Rd6 Qe7 33. Nf4 Qb7 34. Rc6
Qd7 35. Rc7 Qe8 36. h4 Bxh4 37. Nxg6 fxg6 38. Qxd3 Rd8 39. Qc2 Rd5 40. Be3 Kh7
41. Kg2 Rad8 42. Rh1 Be7 43. g5 Rxe5 44. gxh6 Kg8 45. hxg7 Kxg7 46. Qc3 Kf6 47.
Rxe7 Kxe7 48. Qxe5 Rd5 49. Rh7+ Kd8 50. Qc7# 1-0

[Event "II Festival"]
[Site "Siracusa ITA"]
[Date "2007.09.06"]
[Round "6"]
[White "Minniti, Giuseppe"]
[Black "Lo Bosco, Salvatore"]
[Result "1-0"]
[WhiteElo "1827"]
[BlackElo "1822"]
[PlyCount "93"]
[EventDate "2007.09.02"]

1. d4 Nf6 2. Nf3 g6 3. Nbd2 Bg7 4. e4 d6 5. c3 O-O 6. Bd3 Nbd7 7. O-O c5 8. b4
cxd4 9. cxd4 b6 10. b5 Bb7 11. Re1 Re8 12. Bb2 e5 13. Nc4 Qb8 14. Ba3 Bf8 15.
d5 Nc5 16. Bc1 Bg7 17. Bg5 Rf8 18. Na3 h6 19. Bh4 Nh5 20. Nc2 a5 21. bxa6 Nxa6
22. Bxa6 Rxa6 23. Nb4 Ra5 24. Nc6 Bxc6 25. dxc6 Rc5 26. Be7 Rxc6 27. Bxf8 Bxf8
28. Rc1 Qc7 29. Rxc6 Qxc6 30. Qc1 Qb7 31. Qc4 Nf6 32. Nd2 Kg7 33. Rc1 d5 34.
exd5 Qxd5 35. Qxd5 Nxd5 36. Nc4 b5 37. Nxe5 Ba3 38. Rd1 Nc3 39. Rd3 b4 40. Nc4
Bc1 41. a3 Na2 42. a4 Bf4 43. a5 Bb8 44. Rb3 Kf8 45. Rb2 Nc3 46. Rxb4 Ba7 47.
Rb7 1-0

[Event "II Festival"]
[Site "Siracusa ITA"]
[Date "2007.09.06"]
[Round "6"]
[White "Monica, Vincenzo"]
[Black "Tumino, Andrea"]
[Result "0-1"]
[WhiteElo "1514"]
[BlackElo "1637"]
[PlyCount "56"]
[EventDate "2007.09.02"]

1. e4 e5 2. Nf3 Nc6 3. Bc4 Nf6 4. Ng5 d5 5. exd5 Na5 6. Bb5+ c6 7. dxc6 bxc6 8.
Be2 h6 9. Nf3 e4 10. Ne5 Bd6 11. d4 exd3 12. Nxd3 O-O 13. Nd2 Re8 14. O-O Qc7
15. f4 Nd5 16. Nb3 Nc4 17. Rf3 Bg4 18. Qf1 Bxf3 19. Qxf3 Re7 20. Nd4 Rae8 21.
Nf5 Rxe2 22. Qg3 f6 23. Nxh6+ Kf8 24. Nf5 Nce3 25. Bxe3 Nxe3 26. Nh4 Qd7 27.
Ng6+ Kg8 28. Qh4 Rxg2+ 0-1

[Event "II Festival"]
[Site "Siracusa ITA"]
[Date "2007.09.06"]
[Round "6"]
[White "Norrito, Salvatore"]
[Black "Agnello, Giuseppe"]
[Result "0-1"]
[WhiteElo "1812"]
[BlackElo "2136"]
[PlyCount "124"]
[EventDate "2007.09.02"]

1. c4 Nf6 2. Nc3 g6 3. g3 Bg7 4. Bg2 O-O 5. Nf3 d6 6. d3 e5 7. O-O Nc6 8. Rb1
a5 9. Bd2 h6 10. a3 Be6 11. Nb5 Qd7 12. b4 axb4 13. axb4 e4 14. Nfd4 Nxd4 15.
Nxd4 Bh3 16. Qb3 Bxg2 17. Kxg2 Ra4 18. Ra1 Rfa8 19. Rxa4 Qxa4 20. Qxa4 Rxa4 21.
Nb5 Ra2 22. Rd1 exd3 23. exd3 Ne8 24. Bc3 Bxc3 25. Nxc3 Rb2 26. b5 Nf6 27. h3
Rc2 28. Nb1 d5 29. Rd2 Rc1 30. Na3 Ra1 31. Nc2 Ra2 32. Kf3 Kf8 33. Ke2 dxc4 34.
Nb4 cxd3+ 35. Kxd3 Rxd2+ 36. Kxd2 Ne4+ 37. Kc2 Nxf2 38. h4 Ne4 39. Nd5 c6 40.
bxc6 bxc6 41. Nb4 Nxg3 42. Nxc6 Nf5 43. h5 g5 44. Kd2 Ng3 45. Ke3 Nxh5 46. Kf3
f5 47. Ne5 Kg7 48. Kg2 g4 49. Kh2 Kf6 50. Nd7+ Kg5 51. Nc5 Nf6 52. Ne6+ Kg6 53.
Nc5 Kh5 54. Nd3 Nd5 55. Ne1 f4 56. Ng2 f3 57. Ne1 f2 58. Ng2 f1=Q 59. Kg3 Qf3+
60. Kh2 Kg5 61. Kg1 Ne3 62. Ne1 Qg3+ 0-1

[Event "II Festival"]
[Site "Siracusa ITA"]
[Date "2007.09.06"]
[Round "6"]
[White "Olivieri, Lucio"]
[Black "Minniti, Elenamaria"]
[Result "1-0"]
[WhiteElo "1659"]
[BlackElo "1518"]
[PlyCount "43"]
[EventDate "2007.09.02"]

1. d4 d5 2. c4 c6 3. Nf3 Nf6 4. Nc3 dxc4 5. a4 a6 6. e4 b5 7. axb5 cxb5 8. e5
Nd5 9. Nxb5 Bb7 10. Nc3 Nb6 11. Be2 e6 12. O-O Nc6 13. Be3 Bb4 14. Qc2 O-O 15.
Ng5 g6 16. Rad1 Qe7 17. Nge4 Rfd8 18. Bg5 Qd7 19. Nf6+ Kg7 20. Nxd7 Rxd7 21.
Be3 Rad8 22. Bf3 1-0

[Event "II Festival"]
[Site "Siracusa ITA"]
[Date "2007.09.06"]
[Round "6"]
[White "Parla, Aldo"]
[Black "Mangiafico, Francesco"]
[Result "1-0"]
[WhiteElo "1562"]
[BlackElo "1392"]
[PlyCount "57"]
[EventDate "2007.09.02"]

1. f4 c5 2. Nf3 d6 3. e3 a6 4. b3 Bg4 5. Be2 Bxf3 6. Bxf3 Nd7 7. Bxb7 Ra7 8.
Bf3 Ngf6 9. Bb2 e6 10. O-O Be7 11. c4 O-O 12. d4 g6 13. Nd2 h5 14. dxc5 Nxc5
15. Qe2 Kg7 16. Bd4 Rc7 17. Rab1 Rh8 18. b4 e5 19. fxe5 dxe5 20. Bxe5 Bd6 21.
Bxd6 Qxd6 22. bxc5 Qxc5 23. Nb3 Qg5 24. Nd2 h4 25. h3 Nh5 26. Bxh5 Rxh5 27. Nf3
Qc5 28. Qb2+ Kh6 29. Qh8# 1-0

[Event "II Festival"]
[Site "Siracusa ITA"]
[Date "2007.09.06"]
[Round "6"]
[White "Polak, Tomas"]
[Black "Rettore, Ludwig"]
[Result "1-0"]
[WhiteElo "2544"]
[BlackElo "2182"]
[PlyCount "65"]
[EventDate "2007.09.02"]

1. d4 c5 2. d5 e5 3. e4 d6 4. Nf3 Be7 5. Be2 Nf6 6. Nc3 O-O 7. a4 Ne8 8. h4 a6
9. Be3 Nd7 10. g4 Rb8 11. a5 b5 12. axb6 Qxb6 13. Ra2 Nc7 14. Na4 Qb4+ 15. Nd2
Nb5 16. Ra1 Nd4 17. c3 Qb7 18. f3 Nxe2 19. Qxe2 Nb6 20. Nxb6 Qxb6 21. b4 Qd8
22. bxc5 Bxh4+ 23. Kd1 Bg5 24. c6 Rb5 25. Kc2 Bxe3 26. Qxe3 a5 27. Rhb1 Ba6 28.
Rxb5 Bxb5 29. c4 Ba6 30. Qa7 Bc8 31. Qxa5 Qf6 32. Qc7 g6 33. Ra8 1-0

[Event "II Festival"]
[Site "Siracusa ITA"]
[Date "2007.09.06"]
[Round "6"]
[White "Tibaldeschi, Attilio"]
[Black "Salvaggio, Salvatore"]
[Result "1-0"]
[WhiteElo "1532"]
[BlackElo "1766"]
[PlyCount "109"]
[EventDate "2007.09.02"]

1. Nf3 c5 2. b3 Nf6 3. Bb2 Nc6 4. d3 e6 5. Nbd2 Be7 6. e3 O-O 7. Be2 d5 8. O-O
Bd6 9. c3 e5 10. Rc1 Bd7 11. e4 d4 12. cxd4 cxd4 13. Nc4 Be6 14. Nxd6 Qxd6 15.
Ng5 Bd7 16. a3 h6 17. Nf3 a5 18. Qd2 Rfc8 19. Nh4 Ne8 20. g3 Kh7 21. f4 f6 22.
Bh5 Ne7 23. f5 Qb6 24. Rxc8 Rxc8 25. b4 axb4 26. axb4 Nd6 27. Rc1 Rc6 28. Ng6
Nxg6 29. fxg6+ Kg8 30. Ba3 Be6 31. Kg2 Nb5 32. Bb2 Qc7 33. Bd1 Rxc1 34. Bxc1
Qc3 35. Kf2 Kf8 36. Ba4 Qxd2+ 37. Bxd2 Nd6 38. Bd1 f5 39. Bf3 b5 40. Bg2 Ke7
41. h4 fxe4 42. dxe4 Kf6 43. h5 Ke7 44. Bf3 Ne8 45. g4 Bd7 46. g5 hxg5 47.
Bxg5+ Kf8 48. Bh4 Bc6 49. Ke2 Nc7 50. Bg3 Na6 51. Bxe5 d3+ 52. Kd2 Be8 53. Bd6+
Kg8 54. e5 Nxb4 55. Bxb4 1-0

[Event "II Festival"]
[Site "Siracusa ITA"]
[Date "2007.09.06"]
[Round "6"]
[White "Tondo, Salvatore"]
[Black "Grandinetti, Pietro"]
[Result "0-1"]
[WhiteElo "1915"]
[BlackElo "1726"]
[PlyCount "92"]
[EventDate "2007.09.02"]

1. e4 c5 2. d4 cxd4 3. c3 d3 4. Bxd3 d6 5. c4 g6 6. Nc3 Bg7 7. Nge2 Nf6 8. O-O
Nc6 9. Be3 O-O 10. f3 Bd7 11. Rc1 a6 12. b3 Rc8 13. Qd2 Re8 14. Nd5 Nxd5 15.
exd5 Ne5 16. Bb1 b5 17. cxb5 Bxb5 18. Rxc8 Qxc8 19. Rc1 Qb7 20. Nd4 Rc8 21.
Nxb5 axb5 22. Rxc8+ Qxc8 23. Qa5 h5 24. Qxb5 Qc3 25. Qe2 Qa1 26. Qc2 Nd7 27.
Kf2 Nf6 28. Qd3 Qb2+ 29. Qc2 Qa1 30. Qd1 Nxd5 31. Qxd5 Qxb1 32. Qd2 Be5 33. f4
Bg7 34. Qe2 d5 35. Bc5 e6 36. b4 d4 37. Qd2 Qe4 38. a4 d3 39. a5 h4 40. a6 Bc3
41. Qe3 Qd5 42. a7 d2 43. Qe2 Kh7 44. Be3 d1=Q 45. Qxd1 Qxd1 46. a8=Q Be1+ 0-1

[Event "II Festival"]
[Site "Siracusa ITA"]
[Date "2007.09.06"]
[Round "6"]
[White "Valguarnera, Girolamo"]
[Black "Russo, Alfio"]
[Result "1/2-1/2"]
[WhiteElo "2185"]
[BlackElo "1928"]
[PlyCount "94"]
[EventDate "2007.09.02"]

1. e4 c5 2. b4 cxb4 3. d4 d5 4. e5 Nc6 5. Be3 Qb6 6. Bd3 h5 7. Ne2 Bg4 8. h3
Bxe2 9. Bxe2 g6 10. O-O Nh6 11. c4 e6 12. cxd5 exd5 13. Bf3 Rd8 14. Re1 Nf5 15.
Nd2 Nxe3 16. fxe3 Be7 17. Nb3 O-O 18. Rc1 Rfe8 19. Rf1 Bf8 20. Nc5 Nxe5 21.
dxe5 Bxc5 22. Bxd5 Bxe3+ 23. Kh1 Rxe5 24. Bxf7+ Kg7 25. Qe2 Bd4 26. Qc2 Bc3 27.
Rf3 Rd2 28. Qb3 Rb2 29. Qc4 Qc6 30. Qh4 Rf5 31. Bxg6 Rxf3 32. Bxh5 Rff2 33.
Qg5+ Kf8 34. Qd8+ Kg7 35. Qg5+ Kh7 36. Bf3 Rxf3 37. Qh5+ Kg8 38. gxf3 Kf8 39.
Qf5+ Qf6 40. Qc8+ Kf7 41. Qd7+ Kf8 42. Qc8+ Kf7 43. Qd7+ Qe7 44. Qf5+ Ke8 45.
Qc8+ Kf7 46. Qf5+ Ke8 47. Qc8+ Kf7 1/2-1/2

[Event "II Festival"]
[Site "Siracusa ITA"]
[Date "2007.09.06"]
[Round "6"]
[White "Zimmer, Hans Werner"]
[Black "Corsino, Gianluca"]
[Result "1/2-1/2"]
[WhiteElo "2011"]
[BlackElo "2004"]
[PlyCount "40"]
[EventDate "2007.09.02"]

1. e4 c5 2. d4 cxd4 3. c3 d5 4. exd5 Qxd5 5. cxd4 Nc6 6. Nf3 e5 7. Nc3 Bb4 8.
Bd2 Bxc3 9. Bxc3 e4 10. Ne5 Nxe5 11. dxe5 Ne7 12. Qc2 O-O 13. Rd1 Qxa2 14. Qxe4
Bf5 15. Bc4 Bxe4 16. Bxa2 Rfd8 17. O-O Bd5 18. Bb4 Bxa2 19. Bxe7 Rxd1 20. Rxd1
Be6 1/2-1/2

[Event "II Festival"]
[Site "Siracusa ITA"]
[Date "2007.09.07"]
[Round "7"]
[White "Agnello, Giuseppe"]
[Black "Minniti, Giuseppe"]
[Result "1/2-1/2"]
[WhiteElo "2136"]
[BlackElo "1827"]
[PlyCount "41"]
[EventDate "2007.09.02"]

1. e4 d5 2. exd5 Nf6 3. d4 Bg4 4. f3 Bf5 5. g4 Bg6 6. c4 c6 7. Nc3 cxd5 8. g5
Nfd7 9. Bf4 e5 10. dxe5 d4 11. Qxd4 Bc5 12. Qd2 O-O 13. O-O-O Qa5 14. Bd3 Re8
15. Bxg6 hxg6 16. Nd5 Qxa2 17. Nc7 Nc6 18. Ne2 Ndxe5 19. Bxe5 Rxe5 20. Nc3 Qa5
21. N3d5 1/2-1/2

[Event "II Festival"]
[Site "Siracusa ITA"]
[Date "2007.09.07"]
[Round "7"]
[White "Arrabito, Gianfranco"]
[Black "Conti, Silvano"]
[Result "1/2-1/2"]
[WhiteElo "1968"]
[BlackElo "1652"]
[PlyCount "48"]
[EventDate "2007.09.02"]

1. Nf3 Nf6 2. g3 g6 3. Bg2 Bg7 4. d3 d6 5. e4 e5 6. O-O O-O 7. c3 Nbd7 8. Nbd2
Re8 9. Re1 Nf8 10. d4 h6 11. Qb3 Rb8 12. dxe5 dxe5 13. Qc2 b6 14. Nc4 N6d7 15.
Bd2 Bb7 16. Rad1 Qe7 17. Bc1 Rbd8 18. b4 Nb8 19. h4 Rxd1 20. Rxd1 Nbd7 21. Ne3
Nf6 22. Nh2 Rd8 23. Nhg4 Rxd1+ 24. Qxd1 Nxe4 1/2-1/2

[Event "II Festival"]
[Site "Siracusa ITA"]
[Date "2007.09.07"]
[Round "7"]
[White "Cappello, Antonino"]
[Black "Tondo, Salvatore"]
[Result "0-1"]
[WhiteElo "1613"]
[BlackElo "1915"]
[PlyCount "84"]
[EventDate "2007.09.02"]

1. d4 Nf6 2. c4 e6 3. Nc3 Bb4 4. a3 Bxc3+ 5. bxc3 c5 6. Qc2 O-O 7. Nf3 h6 8. e4
d6 9. Bd3 Nc6 10. h3 e5 11. d5 Ne7 12. Rb1 g5 13. Nh2 Ng6 14. Nf3 b6 15. h4 g4
16. h5 Nf4 17. Nh4 Kg7 18. Bxf4 exf4 19. e5 Re8 20. O-O Rxe5 21. Rfe1 Nxh5 22.
g3 fxg3 23. Ng2 gxf2+ 24. Qxf2 Qf6 25. Rxe5 Qxf2+ 26. Kxf2 dxe5 27. Re1 Kf6 28.
Rh1 Kg5 29. Ke2 f5 30. Rd1 Bd7 31. Bc2 f4 32. Kf2 Nf6 33. Re1 Re8 34. Rh1 h5
35. a4 e4 36. a5 e3+ 37. Ke1 Bf5 38. Ba4 Re4 39. axb6 axb6 40. Bb3 f3 41. Nxe3
Rxe3+ 42. Kf2 Re2+ 0-1

[Event "II Festival"]
[Site "Siracusa ITA"]
[Date "2007.09.07"]
[Round "7"]
[White "Condorelli, Roberto"]
[Black "Monica, Vincenzo"]
[Result "1-0"]
[WhiteElo "1575"]
[BlackElo "1514"]
[PlyCount "61"]
[EventDate "2007.09.02"]

1. Nf3 Nc6 2. d4 d5 3. c4 Nf6 4. Nc3 e6 5. Bg5 Be7 6. e3 b6 7. Qa4 Bd7 8. Qc2
O-O 9. a3 h6 10. Bxf6 Bxf6 11. cxd5 exd5 12. Nxd5 Bg4 13. Qxc6 Re8 14. Nxf6+
gxf6 15. Be2 Re6 16. Qc2 c5 17. dxc5 Rc8 18. O-O Rxc5 19. Qd1 Qc7 20. Nd4 Bxe2
21. Qxe2 Re4 22. Qf3 Qb7 23. Rfd1 Rg5 24. g3 h5 25. Qxf6 Reg4 26. Nf3 Rd5 27.
Rxd5 Qxd5 28. Rc1 Rc4 29. Rxc4 Qxc4 30. Qd8+ Kg7 31. Qd4+ 1-0

[Event "II Festival"]
[Site "Siracusa ITA"]
[Date "2007.09.07"]
[Round "7"]
[White "Corsino, Gianluca"]
[Black "Valenti, Giuseppe"]
[Result "0-1"]
[WhiteElo "2004"]
[BlackElo "2221"]
[PlyCount "91"]
[EventDate "2007.09.02"]

1. d4 Nf6 2. Bg5 e6 3. e4 h6 4. Bxf6 Qxf6 5. Nc3 d6 6. Qd2 a6 7. f4 g5 8. Nge2
gxf4 9. Qxf4 Qxf4 10. Nxf4 h5 11. Be2 h4 12. Bg4 Nc6 13. d5 Ne5 14. Be2 Bh6 15.
O-O Ke7 16. Nd1 Bd7 17. Ne3 Rag8 18. Rae1 Rg7 19. c4 Rhg8 20. Kh1 c5 21. a3 b5
22. b3 bxc4 23. Nxc4 Nxc4 24. Bxc4 e5 25. Nh5 Rxg2 26. Nf6 R8g7 27. Nxd7 Bf4
28. Re2 h3 29. Rfe1 Kxd7 30. Rxg2 hxg2+ 31. Kg1 a5 32. a4 Ke7 33. Bd3 Kd7 34.
Bc2 Kc7 35. Bd1 Rh7 36. Re2 Bxh2+ 37. Kxg2 Bf4 38. Bc2 c4 39. bxc4 Kb6 40. Bd1
Kc5 41. Kg1 Kxc4 42. Rc2+ Kd3 43. Rg2 Be3+ 44. Rf2 Bxf2+ 45. Kxf2 Rh4 46. Bf3
0-1

[Event "II Festival"]
[Site "Siracusa ITA"]
[Date "2007.09.07"]
[Round "7"]
[White "Cultrera, Salvatore"]
[Black "Norrito, Salvatore"]
[Result "1-0"]
[WhiteElo "1681"]
[BlackElo "1812"]
[PlyCount "133"]
[EventDate "2007.09.02"]

1. d4 d5 2. c4 e6 3. Nc3 Nf6 4. Bg5 Nbd7 5. e3 Be7 6. Nf3 b6 7. cxd5 exd5 8.
Be2 Bb7 9. a3 c5 10. dxc5 bxc5 11. O-O Rc8 12. Rc1 Qa5 13. Bb5 O-O 14. Bxd7
Nxd7 15. Bxe7 Rfe8 16. Bh4 c4 17. Qa4 Qxa4 18. Nxa4 Bc6 19. Nc3 Nc5 20. Rc2 Nd3
21. Rd1 Rb8 22. Rb1 f6 23. Bg3 Rb7 24. Nd4 Rc8 25. Nxc6 Rxc6 26. Nxd5 Kf7 27.
Nb4 Nxb4 28. axb4 Rxb4 29. f3 a5 30. Ra1 Rb3 31. Be1 Rxe3 32. Kf2 Rb3 33. Rxa5
Rb7 34. Bc3 Rd7 35. Re2 g6 36. Ra8 g5 37. Rae8 h5 38. Rh8 Kg6 39. Ree8 h4 40.
g3 hxg3+ 41. hxg3 Rd3 42. g4 Kf7 43. Rb8 Kg7 44. Rh5 Kf7 45. Rbh8 Kg7 46. R5h7+
Kg6 47. Rh6+ Kg7 48. R8h7+ Kg8 49. Rb7 Rdd6 50. Rg6+ Kf8 51. Bb4 Ra6 52. Bxd6+
Rxd6 53. Rgg7 Rd2+ 54. Ke3 Rd3+ 55. Ke4 Rd1 56. Rgc7 Re1+ 57. Kd4 Rd1+ 58. Kxc4
Rd8 59. b4 Ra8 60. Ra7 Rb8 61. b5 Kg8 62. b6 f5 63. gxf5 g4 64. fxg4 Re8 65. b7
Re4+ 66. Kd5 Rb4 67. Ra8# 1-0

[Event "II Festival"]
[Site "Siracusa ITA"]
[Date "2007.09.07"]
[Round "7"]
[White "Grandinetti, Pietro"]
[Black "Bottino, Alexiei"]
[Result "1/2-1/2"]
[WhiteElo "1726"]
[BlackElo "2030"]
[PlyCount "74"]
[EventDate "2007.09.02"]

1. e4 d5 2. exd5 Nf6 3. d4 Bg4 4. Be2 Bxe2 5. Nxe2 Nxd5 6. O-O e6 7. c4 Nb6 8.
b3 Be7 9. Bb2 O-O 10. Nbc3 N8d7 11. Qc2 c5 12. Rad1 cxd4 13. Nxd4 Qc8 14. Rfe1
Re8 15. Re3 Nf8 16. Ne4 f5 17. Nd2 Bf6 18. N2f3 Nd5 19. Ree1 Nf4 20. Ne5 Qc5
21. Ndf3 Rad8 22. Rxd8 Rxd8 23. Rd1 Qa5 24. a3 Qc7 25. g3 N4g6 26. Rxd8 Qxd8
27. Qe2 Qd6 28. b4 b6 29. Nxg6 Nxg6 30. Bxf6 gxf6 31. Qc2 Ne7 32. Qa4 Nc6 33.
Qb3 Kf7 34. Qe3 Kg7 35. Kg2 Kg6 36. Nh4+ Kg7 37. Nf3 Kg6 1/2-1/2

[Event "II Festival"]
[Site "Siracusa ITA"]
[Date "2007.09.07"]
[Round "7"]
[White "Ljubisavljevic, Zivojin Z."]
[Black "Alaimo, Riccardo"]
[Result "1/2-1/2"]
[WhiteElo "2296"]
[BlackElo "2191"]
[PlyCount "125"]
[EventDate "2007.09.02"]

1. Nf3 d5 2. g3 Nf6 3. Bg2 Bg4 4. O-O Nbd7 5. c4 c6 6. cxd5 cxd5 7. d3 e6 8.
Bf4 Be7 9. Qb3 Qb6 10. Qxb6 Nxb6 11. Nc3 O-O 12. Rfc1 a6 13. h3 Bxf3 14. Bxf3
Rac8 15. e4 Rfd8 16. g4 h6 17. Kg2 g5 18. Bg3 Bb4 19. h4 dxe4 20. dxe4 Rd2 21.
hxg5 hxg5 22. e5 Bxc3 23. bxc3 Nfd5 24. a4 a5 25. Rab1 Nxa4 26. Rxb7 Rxc3 27.
Ra1 Rc4 28. Rb8+ Kg7 29. Rh1 Ne3+ 30. Kh3 Nd5 31. Kg2 Ne3+ 32. Kh3 Nd5 33. Bxd5
Rxd5 34. Kg2 Rxg4 35. Rhh8 Rxe5 36. Kh3 Rxg3+ 37. Kxg3 Nc3 38. Rhg8+ Kf6 39.
Ra8 Rf5 40. f3 Ne2+ 41. Kg2 Nd4 42. Ra7 Nxf3 43. Rf8 Kg7 44. Rfa8 Nh4+ 45. Kg3
Ng6 46. Rxa5 Rxa5 47. Rxa5 f5 48. Rb5 Kf6 49. Ra5 f4+ 50. Kf3 Ne5+ 51. Ke4 Nc4
52. Rc5 Nd6+ 53. Kf3 e5 54. Kg4 Ke6 55. Ra5 Ne4 56. Ra6+ Kd5 57. Kf5 Nc5 58.
Ra3 Kd6 59. Kxg5 Kd5 60. Kg4 Kd4 61. Kf3 Nd3 62. Ra2 e4+ 63. Kg2 1/2-1/2

[Event "II Festival"]
[Site "Siracusa ITA"]
[Date "2007.09.07"]
[Round "7"]
[White "Mica, Francesco"]
[Black "Parla, Aldo"]
[Result "1/2-1/2"]
[WhiteElo "1437"]
[BlackElo "1562"]
[PlyCount "48"]
[EventDate "2007.09.02"]

1. e4 d6 2. f4 Nf6 3. Nc3 c6 4. Nf3 Bg4 5. Bc4 e6 6. O-O Be7 7. h3 Bxf3 8. Qxf3
Qb6+ 9. Kh1 Nbd7 10. d3 O-O 11. Ne2 e5 12. f5 Qc7 13. Ng3 b5 14. Bb3 a5 15. a4
Qb7 16. Bg5 b4 17. Nh5 Rae8 18. g4 Nxh5 19. Bxe7 Rxe7 20. gxh5 h6 21. f6 Nxf6
22. Rg1 Kh8 23. Qg3 Rg8 24. Raf1 Nxh5 1/2-1/2

[Event "II Festival"]
[Site "Siracusa ITA"]
[Date "2007.09.07"]
[Round "7"]
[White "Minniti, Cristiano"]
[Black "Cordaro, Giovanni"]
[Result "1/2-1/2"]
[WhiteElo "1548"]
[BlackElo "1497"]
[PlyCount "103"]
[EventDate "2007.09.02"]

1. e4 c5 2. Nc3 Nc6 3. f4 e6 4. Bb5 g6 5. Nf3 Bg7 6. d3 Nge7 7. O-O Qc7 8. Bxc6
Qxc6 9. Qe1 b6 10. Qh4 d6 11. Bd2 Bb7 12. Rae1 Qc7 13. Ng5 h6 14. Nh3 O-O-O 15.
Nb5 Qd7 16. Nxa7+ Kb8 17. Nb5 Qxb5 18. Qxe7 Rd7 19. Qh4 Qxb2 20. Rb1 Qxc2 21.
Qe1 Kc7 22. Nf2 Qxa2 23. Nd1 Qxb1 24. Qe2 Ba6 25. Nf2 Qb5 26. Rd1 Bd4 27. Be3
e5 28. Kf1 exf4 29. Bxf4 Bxf2 30. Qxf2 Re7 31. Bxd6+ Kxd6 32. Qf6+ Re6 33. Qxh8
Qe8 34. Qxh6 Rf6+ 35. Kg1 Qe5 36. Qf8+ Kd7 37. Qa8 Qd4+ 38. Kh1 Bxd3 39. Qb7+
Ke8 40. Qc8+ Ke7 41. Qc7+ Kf8 42. e5 Rf1+ 43. Rxf1 Bxf1 44. Qxb6 Qd2 45. Qxc5+
Kg7 46. Qc6 Bb5 47. Qf6+ Kf8 48. h3 g5 49. Qh8+ Ke7 50. Qf6+ Kf8 51. Qh8+ Ke7
52. Qf6+ 1/2-1/2

[Event "II Festival"]
[Site "Siracusa ITA"]
[Date "2007.09.07"]
[Round "7"]
[White "Minniti, Elenamaria"]
[Black "Fernandez, Gianluca"]
[Result "0-1"]
[WhiteElo "1518"]
[BlackElo "1502"]
[PlyCount "94"]
[EventDate "2007.09.02"]

1. e4 d6 2. d4 g6 3. Nf3 Bg4 4. Be3 Bg7 5. Nbd2 Nd7 6. Bc4 e5 7. d5 Ne7 8. h3
Bxf3 9. Nxf3 O-O 10. Bg5 h6 11. Be3 f5 12. exf5 Nxf5 13. Qd2 e4 14. Nd4 Nxd4
15. Bxd4 Bxd4 16. Qxd4 Qg5 17. Rg1 e3 18. f3 Qg3+ 19. Ke2 Qf2+ 20. Kd3 Nc5+ 21.
Kc3 Rf4 22. Rgf1 Rxd4 23. Rxf2 Rxc4+ 24. Kxc4 exf2 25. Rf1 Re8 26. Rxf2 Re5 27.
Rd2 a6 28. Rd4 Nd7 29. f4 Re2 30. Kc3 Rxg2 31. Re4 Kf7 32. Re3 Rf2 33. Rg3 Rxf4
34. Kd3 Nf6 35. Ke3 Nxd5+ 36. Kd2 Nf6 37. Ke3 g5 38. Rf3 Nd5+ 39. Ke2 Rxf3 40.
Kxf3 h5 41. Kg3 Kf6 42. h4 g4 43. c4 Ne3 44. b3 Nf5+ 45. Kf4 Nxh4 46. a3 Ng6+
47. Kg3 Kf5 0-1

[Event "II Festival"]
[Site "Siracusa ITA"]
[Date "2007.09.07"]
[Round "7"]
[White "Nobile, Stefano"]
[Black "Olivieri, Lucio"]
[Result "0-1"]
[WhiteElo "1713"]
[BlackElo "1659"]
[PlyCount "100"]
[EventDate "2007.09.02"]

1. d4 Nf6 2. Nf3 e6 3. e3 Be7 4. Bd3 O-O 5. b3 b6 6. Bb2 Bb7 7. Nbd2 d5 8. Ne5
Nbd7 9. Ndf3 c5 10. Qe2 Rc8 11. O-O cxd4 12. exd4 h6 13. Nxf7 Kxf7 14. Ne5+
Nxe5 15. dxe5 Ne4 16. Rad1 Qe8 17. Bd4 Kg8 18. c4 Bc5 19. Bxe4 dxe4 20. Qg4
Bxd4 21. Rxd4 Rf5 22. Rfd1 Rg5 23. Qh3 e3 24. f3 e2 25. Re1 Rxe5 26. f4 Rh5 27.
Qe3 Qf7 28. Qxe2 Re8 29. Qg4 Qf5 30. Qxf5 Rxf5 31. g4 Rf7 32. Rd6 Bc8 33. f5 e5
34. Rd5 Rfe7 35. Red1 Kf7 36. Kf2 Bb7 37. Rd7 Rxd7 38. Rxd7+ Re7 39. Rd6 e4 40.
Ke3 Ba8 41. h4 Ke8 42. g5 hxg5 43. hxg5 Bb7 44. a4 Bc8 45. Kf4 e3 46. Rd1 e2
47. Re1 Bb7 48. f6 gxf6 49. gxf6 Re6 50. Kg3 Kf7 0-1

[Event "II Festival"]
[Site "Siracusa ITA"]
[Date "2007.09.07"]
[Round "7"]
[White "Rettore, Ludwig"]
[Black "Seminara, Antonio"]
[Result "1-0"]
[WhiteElo "2182"]
[BlackElo "1980"]
[PlyCount "75"]
[EventDate "2007.09.02"]

1. e4 c5 2. Nf3 Nc6 3. d4 cxd4 4. Nxd4 e5 5. Nb5 a6 6. Nd6+ Bxd6 7. Qxd6 Qf6 8.
Qa3 Nge7 9. Nc3 Rb8 10. Be3 b5 11. Nd5 Nxd5 12. exd5 Nd4 13. Bxd4 exd4 14.
O-O-O Qxf2 15. Qd6 Qe3+ 16. Kb1 Rb7 17. Bxb5 Qh6 18. Qxh6 gxh6 19. Bxa6 Rb6 20.
Bxc8 Kd8 21. Bxd7 Kxd7 22. Rxd4 Rf6 23. Rd2 Re8 24. b4 Re4 25. a3 Re3 26. Kb2
Ra6 27. c3 Ra8 28. Rhd1 Rc8 29. Rd3 Re2+ 30. R1d2 Re4 31. Rf3 f5 32. Rxf5 Re3
33. Rf7+ Kd6 34. Rf6+ Kd7 35. Rc6 Rf8 36. Rxh6 Rfe8 37. Rxh7+ Kd6 38. Rh6+ 1-0

[Event "II Festival"]
[Site "Siracusa ITA"]
[Date "2007.09.07"]
[Round "7"]
[White "Rizza, Francesco"]
[Black "Lo Bosco, Salvatore"]
[Result "1-0"]
[WhiteElo "1653"]
[BlackElo "1822"]
[PlyCount "61"]
[EventDate "2007.09.02"]

1. d4 Nf6 2. c4 g6 3. Nc3 Bg7 4. e4 d6 5. Nf3 O-O 6. Be2 Nbd7 7. O-O e5 8. d5
Nc5 9. Nd2 a5 10. b3 Ne8 11. Bb2 f5 12. a3 Nf6 13. f3 f4 14. b4 axb4 15. axb4
Rxa1 16. Qxa1 Na6 17. Ba3 Rf7 18. c5 Bf8 19. Nb5 Nb8 20. Nc4 Bd7 21. Na5 Bxb5
22. Bxb5 Qc8 23. Qc3 Be7 24. Rc1 Rf8 25. cxd6 Bxd6 26. Nc4 Qd8 27. Nxe5 Bxe5
28. Qxe5 Qd6 29. Qd4 Nbd7 30. Bb2 Re8 31. Bxd7 1-0

[Event "II Festival"]
[Site "Siracusa ITA"]
[Date "2007.09.07"]
[Round "7"]
[White "Rosolia, Giuseppe"]
[Black "Carnemolla, Giampaolo"]
[Result "0-1"]
[WhiteElo "1930"]
[BlackElo "1692"]
[PlyCount "92"]
[EventDate "2007.09.02"]

1. Nf3 Nf6 2. c3 c5 3. g3 b6 4. Bg2 Bb7 5. O-O e6 6. d3 Be7 7. e4 d6 8. Nbd2
O-O 9. Qe2 Nc6 10. h3 Rc8 11. Re1 Ba6 12. Nc4 d5 13. exd5 Nxd5 14. Nfe5 Nxe5
15. Nxe5 Bf6 16. c4 Ne7 17. Ng4 Nf5 18. Be3 Nd4 19. Qd2 Rc7 20. Rad1 Bb7 21.
Bf4 Bxg2 22. Nxf6+ Qxf6 23. Kxg2 Rd7 24. Re3 Rfd8 25. Be5 Qg6 26. Re4 Qf5 27.
Qe3 Nc2 28. Qe2 Nd4 29. Bxd4 Rxd4 30. Re3 R8d7 31. f4 Qf6 32. Qf3 h6 33. Rd2
Rxc4 34. Re5 Rcd4 35. Qa8+ Kh7 36. Qc6 Rxd3 37. Rxd3 Rxd3 38. Qe4+ Qg6 39. Qe1
Rd4 40. Qf2 Qd3 41. f5 exf5 42. Rxf5 Qe4+ 43. Kh2 Rd1 44. Rf3 Re1 45. Qg2 Re2
46. Rf2 Qxg2+ 0-1